The preacher's complete homiletical commentary on the old testament, v. 1. (Record no. 593)

000 -LEADER
fixed length control field 00528nam a2200157 a 4500
001 - CONTROL NUMBER
control field :::00013749$&:&@@
003 - CONTROL NUMBER IDENTIFIER
control field OkBaRHE
005 - DATE AND TIME OF LATEST TRANSACTION
control field 20100324133648.0
008 - FIXED-LENGTH DATA ELEMENTS--GENERAL INFORMATION
fixed length control field s1892 j 000 0 eng u
040 ## - CATALOGING SOURCE
Transcribing agency
245 14 - TITLE STATEMENT
Title The preacher's complete homiletical commentary on the old testament, v. 1.
260 ## - PUBLICATION, DISTRIBUTION, ETC. (IMPRINT)
Place of publication, distribution, etc New York, NY., :
Name of publisher, distributor, etc Funk and Wagnells
Date of publication, distribution, etc 1892
650 ## - SUBJECT ADDED ENTRY--TOPICAL TERM
Topical term or geographic name as entry element Bible
General subdivision Commentaries
942 ## - ADDED ENTRY ELEMENTS (KOHA)
Source of classification or shelving scheme
Koha item type Books
Copies
Not for loan Date acquired Collection code Withdrawn status Full call number Lost status Date last seen Barcode Damaged status Permanent Location Koha item type Shelving location Copy number Price effective from Source of classification or shelving scheme
 2010-04-14Reference BS 491 .E1 V.1 2010-04-1413749 RHEMA Bible Training CollegeBooksGeneral Stacks12010-04-14